000 00563nam a22001817a 4500
005 20251108165313.0
008 250721s1994 xx 000 0 ara d
082 1 4 _a632/مصط
100 1 _aمصطفى، توفيق
245 1 0 _aحشرات الفاكهة و الأشجار الحرجية و نبات الزينة العملية /
264 1 _aعمان :
_bدار حنين،
_c1994.
300 _a460ص
650 1 7 _aأمراض النبات
650 1 7 _aالآفات الزراعية
700 1 _aشرف، نعيم
942 _2ddc
_cBK
999 _c24581
_d24581